01672nam a2200313 a 4500001001000000005001700010008004100027041000800068044000700076084002100083100004500104245006600149260003200215300002400247500014800271500023500419500022300654500001100877546002500888650005200913650005600965650003401021650004501055700005001100700005301150700004801203700005701251740005001308BRCA_316320190320204136.0110209s1902----fr-a---###---#000-0#fre-u afre afr a466b.B763c19021 aCervantes Saavedra, Miguel ded1547-161610aLes aventures de Don QuichottecMiguel de Cervantes Saavedra. aParísbPaul Brodardc1902 a416 p.bil.c20 cm. aContenido : Primera parte. Advertencia del editor. Prólogo del autor. Prefacio del traductor. Texto abreviado. Segunda parte. Texto abreviado aEdición : Illustrées de 31 Planches du xviii Siècle Tirées de L´Oroginal Espagnol Figures de Coypel, Picart le Romain et Autres Habiles Maitres. Avec le Portrait de Cervantes par Joseph del Castillo, Traduction de Florian aAbreviación de la novela basada en la traducción de Florian. Como lo indica la portada, esta edición reproduce los dibujos de Coypel, Picart le Romain y otros. Semipiel; lomo adornado con dorados Lúdovik Osterc aQM1531 aTexto en : francés14aNovela españolayÉpoca clásica, 1500-170014aLiteratura españolayÉpoca clásica, 1500-170014aNovela españolaySiglo XVII14aDon Quijote (Personaje ficticio)eNovela1 aCoypel, Charles-Antoned1694-1752eIlustrador1 aPicart Le Romain, Bernardd1673-1733eIlustrador1 aCastillo, José deld1737-1793eIlustrador1 aFlorian, Jean-Pierre Claris ded1755-1794eTraductor0 aEl Ingenioso Hidalgo Don Quijote de la Mancha